Missing Word: Metallica Songs Quiz Stats

 Plays Quiz Updated Feb 28, 2018

Challenge
Share
Tweet
Embed
Score 0/20 Timer 03:00
0 Plays Today
Song Title Missing Word % Correct
Fade to _____Black
97%
For Whom the _____ TollsBell
96.6%
Nothing Else _____Matters
95.4%
Enter _____Sandman
93.2%
Sad but _____True
92.9%
_____ of PuppetsMaster
89.5%
_____ and DestroySeek
86.9%
...And _____ for AllJustice
83.4%
The _____ HorsemenFour
83.1%
Wherever I May _____Roam
75.1%
Song Title Missing Word % Correct
Ride the _____Lightning
71.9%
The _____ IIUnforgiven
63.8%
The Day That Never _____Comes
63.7%
St. _____Anger
62.9%
Hero of the _____Day
60.2%
Harvester of _____Sorrow
58.9%
Until It _____Sleeps
55.7%
The _____ RemainsMemory
54.2%
_____ NothingKing
53.3%
The God That _____Failed
45.9%

Today's Daily Dose

You're not logged in!

Compare scores with friends on all Sporcle quizzes.
Join for Free
OR
Log In

You Might Also Like...

Show Comments

Extras

Top Quizzes Today


Score Distribution

Your Account Isn't Verified!

In order to create a playlist on Sporcle, you need to verify the email address you used during registration. Go to your Sporcle Settings to finish the process.

Report this User

Report this user for behavior that violates our Community Guidelines.

Details: